000 00697nam a2200277Ia 4500
005 20260324135110.0
008 008 260324s9999 xx 000 0 eng d
020 _a9781315196244
037 _aEBOOK
040 _aCRL
040 _beng
040 _cCRL
041 _2eng
041 _aeng
084 _qCRL
100 _a Manchester School of Managements; Cary L. Cooper
_91199332
245 0 _aManagerial, Occupational and Organizational Stress Research
260 _bTaylor and Francis
260 _c2001
365 _a
365 _b290
856 _uhttp://www.taylorfrancis.com/books/9781315196244
942 _cEBOOK
999 _c1800062
_d1800062